000 00653nam a2200253Ia 4500
005 20260123172722.0
008 008 260114s9999 xx 000 0 eng d
020 _a9781681748825
037 _aEBOOK
040 _aCRL
040 _beng
040 _cCRL
041 _2eng
041 _aeng
084 _qCRL
100 _aHall, Michael J W
_91107153
245 0 _aGeneral Relativity: An Introduction to Black Holes, Gravitational Waves, and Cosmology
260 _bInstitute of Physics
260 _c2018
856 _uhttps://dx.doi.org/10.1088/978-1-6817-4885-6
942 _cEBOOK
999 _c1672262
_d1672262